00915 2200325 4500001002100000005001500021035002000036007000300056040001700059100002400076245007000100300003300170504002500203020002200228041000800250082000800258084001400266090002000280264003600300336002100336337003000357338002300387650001200410700003500422700003500457850001000492008004100502990002300543990002300566INLIS00000000000885920260513025434 a0010-1022000234ta aSBPUPADbind0 aKusnantoePengarang1 aPeradaban Arab /cKusnanto;edtor, Yulianawati;ilustrator, Sumiati aiv,60 hlm. :bilus. ;c21 cm aBibliografi, hlm 60 a978-979-021-250-307aind a956 a956 KUS p a956 KUS p 25-13 aJakarta :bBengawan Ilmu,c[sn] 2rdacontentateks 2rdamediaatanpa perantara 2rdacarrieravolume 4aSejarah0 aeditor, YulianawatiePengarang0 ailustrator, SumiatiePengarang aPUPAD260513 0  a13410/BR-KAPD/2010 a13411/BR-KAPD/2010